Minecraft Block Texture Quiz - Statistics

General Stats
  • This quiz has been taken 325 times
  • The average score is 13 of 16
Answer Stats
Picture Answer % Correct
Obsidian
100%
Hay Bale
95%
Carved Pumpkin
86%
Magma Block
83%
Smooth Stone
83%
Melon
82%
Smoker
81%
Terracotta
80%
Lapis Lazuli Ore
78%
Moss
77%
Red Sandstone
76%
Blue Ice
75%
Tuff
75%
Ancient Debris
74%
Lectern
72%
Quartz Bricks
62%
No matching quizzes found
Score Distribution
Percent of People with Each Score
Percentile by Number Answered
Your Score History
You have not taken this quiz